00706nam a2200193 a 4500008004100000020003200041040002500073041001300098044001100111080002200122100002900144245007600173250001300249260006300262300003400325490001300359500011500372700002500487951213s1984||||[C 0 slo c c24 Kčs. q(10000 výtl.) aSNKbslocSNKeAACR21 aslohslo axocSK a794.1(437.6)(091)1 aFormánek, Bedrich4aut10aKompozičný šach na SlovenskucBedrich Formánek ; Milan Chvíla a1., vyd. aBratislavabŠportc1984eTrnavafPolygrafické závody a232 s., 16,10 AHbFot.c21 cm0 aTréner aTermin. a vysvetl. Reg. slov. šachových skladateľov a doplňujúci reg. Res.rus., angl., nem. a franc.1 aChvíla, Milan4bkd